El Secreto del Tio Oscar. (Record no. 16547)
[ view plain ]
| 000 -LEADER | |
|---|---|
| fixed length control field | 00434nam a22001815a 4500 |
| 001 - CONTROL NUMBER | |
| control field | sjdsz9mscp b3347401 |
| 003 - CONTROL NUMBER IDENTIFIER | |
| control field | sjds |
| 005 - DATE AND TIME OF LATEST TRANSACTION | |
| control field | 20170222163914.0 |
| 008 - FIXED-LENGTH DATA ELEMENTS--GENERAL INFORMATION | |
| fixed length control field | 110824s2011 |||| ||| |||| ||eng|| |
| 020 ## - INTERNATIONAL STANDARD BOOK NUMBER | |
| International Standard Book Number | 9781453854556 |
| Terms of availability | $8.95 |
| 020 ## - INTERNATIONAL STANDARD BOOK NUMBER | |
| International Standard Book Number | 145385455X |
| Terms of availability | $8.95 |
| 040 ## - CATALOGING SOURCE | |
| Transcribing agency | sjds |
| 041 ## - LANGUAGE CODE | |
| Language code of text/sound track or separate title | spa |
| 100 1# - MAIN ENTRY--PERSONAL NAME | |
| Personal name | Trujillo, Fernando. |
| 245 13 - TITLE STATEMENT | |
| Title | El Secreto del Tio Oscar. |
| 260 ## - PUBLICATION, DISTRIBUTION, ETC. (IMPRINT) | |
| Name of publisher, distributor, etc. | Createspace |
| Date of publication, distribution, etc. | 20110204. |
| 942 ## - ADDED ENTRY ELEMENTS (KOHA) | |
| Koha item type | Libro/Book |
| Withdrawn status | Lost status | Damaged status | Not for loan | Home library | Current library | Shelving location | Date acquired | Inventory number | Total Checkouts | Full call number | Barcode | Date last seen | Date checked out | Price effective from | Koha item type |
|---|---|---|---|---|---|---|---|---|---|---|---|---|---|---|---|
| San Juan Del Sur -- Biblioteca | San Juan Del Sur -- Biblioteca | General Stacks | 22/02/2017 | Inventory date: 15-5-25 | 2 | F Tru | 30024290 | 23/02/2021 | 21/01/2021 | 22/02/2017 | Libro/Book |